| 000 | 01142nam a2200289 i 4500 | ||
|---|---|---|---|
| 001 | bg | ||
| 245 | 0 | 0 |
_aPolityka społeczna i zatrudnienie / _c[red. Beata Zaborowska, Tomasz Czyszek ; aut. Maciej Duszczyk et al.]. |
| 260 |
_aWarszawa : _bPełnomocnik Rządu do Spraw Negocjacji o Członkostwo RP [Rzeczypospolitej Polskiej] w Unii Europejskiej. Kancelaria Prezesa Rady Ministrów, _c2001. |
||
| 300 |
_a107 s. ; _c24 cm. |
||
| 490 | 1 | _aZrozumieć Negocjacje. Analizy | |
| 650 | 9 |
_aUnia Europejska a Polska _xnegocjacje akcesyjne |
|
| 650 | 9 |
_aHarmonizacja prawa _zPolska |
|
| 650 | 9 |
_aPrawo pracy _xUnia Europejska _ystan na 2001 r. |
|
| 650 | 9 |
_aŚwiadczenia społeczne _xprawo wspólnotowe europejskie _ystan na 2001 r. |
|
| 650 | 9 |
_aPolska a Unia Europejska _xnegocjacje akcesyjne |
|
| 700 | 1 |
_aZABOROWSKA, Beata. _eRed. |
|
| 700 | 1 |
_aCZYSZEK, Tomasz. _eRed. |
|
| 700 | 1 | _aDUSZCZYK, Maciej | |
| 830 | 0 |
_aZrozumieć Negocjacje. _pAnalizy |
|
| 020 | _a8391580121 | ||
| 040 | _cBPK | ||
| 041 | 0 | _apl | |
| 080 | _a349.2/.3:369](4-67:438) | ||
| 920 | _a83-915801-2-1 | ||
| 942 | _cKS | ||
| 008 | s pl f |000 0 pol | ||
| 999 |
_c41703 _d41703 |
||
| 856 |
_uhttp://koha.tu.koszalin.pl/cgi-bin/koha/opac-detail.pl?biblionumber=41703 _yKatalog online BPK |
||